Statistiques concernant Chansons Disney

Cliquez ici pour prendre le quiz!

Statistiques générales

  • Ce quiz a été pris 318 fois
  • Le résultat moyen est 11 sur 15

Statistiques - réponses

ParolesFilms% Correct
Je suis le roi de la danse Oh, la jungle est à mes pieds...Le Livre de la jungle
93%
Pour toi, je suis l'ignorante sauvage, tu me parles de ma différence, je crois sans malveillance...Pocahontas
89%
Bande de veinards, dégagez le bazar...Aladdin
85%
Tout ce temps, cachée dans mes pensées...Raiponce
85%
Cruelle diablesse, cruelle diablesse...Les 101 dalmatiens
84%
S'il y a un prix pour manque de jugement, je crois que j'ai le ticket gagnant...Hercule
81%
Non jamais, je ne serai faite pour le mariage...Mulan
79%
Y'a quelque chose dans son regard, d'un peu fragile et de léger comme un espoir...La Belle et la Bête
75%
Dites à mes amis que je m'en vais, je pars vers de nouveaux pays...Frères des Ours
73%
Do Mi Sol Do Do Sol Mi Do...Les Aristochats
73%
Tout ce que tu fais, je le ferai, apprends-moi ce que je n'connais pas...Tarzan
68%
Higitus figitus zomba kazom...Merlin l'enchanteur
67%
Je ne sais Seigneur si ces mots monteront jusqu'au ciel...Le Bossu de Notre-Dame
63%
Il était une fois une princesse qui devient amoureuse...Blanche Neige et les Sept nains
55%
Approchez, le soleil va briller, Vous allez trouver le beau temps...Bernard et Bianca
18%

Distribution des résultats

Percentile par nombre de réponses

% des personnes avec chaque résultat

Votre développement - résultats

Vous n’avez pas pris ce quiz